Redevelopment Of Market Yard Pune (Record no. 360732)

MARC details
000 -LEADER
fixed length control field 00261nam a2200097Ia 4500
008 - FIXED-LENGTH DATA ELEMENTS--GENERAL INFORMATION
fixed length control field 241105s9999 xx 000 0 und d
041 ## - LANGUAGE CODE
Language code of text/sound track or separate title eng
100 ## - MAIN ENTRY--PERSONAL NAME
Personal name Wadhavekar Renuka
245 ## - TITLE STATEMENT
Title Redevelopment Of Market Yard Pune
260 ## - PUBLICATION, DISTRIBUTION, ETC. (IMPRINT)
Name of publisher, distributor, etc. Final Year B. Arch, BNCA
Date of publication, distribution, etc. 2013

No items available.